Vật lý hạt : Minh họa sinh động bằng tranh
Quyển sách khái quát về cuộc hành trình kéo dài hàng ngàn năm, kể từ thời Hy Lạp cổ của Plato, Aristotle... tới thời điểm hiện tại, để tìm đáp án cho câu hỏi "Chúng ta hình thành từ đâu?"; những thông tin ngắn gọn về các tiến bộ...
Shranjeno v:
| Glavni avtor: | |
|---|---|
| Drugi avtorji: | , |
| Format: | Knjiga |
| Jezik: | Vietnamese |
| Izdano: |
H.
Dân trí
2023
|
| Serija: | Dẫn nhập ngắn về khoa học
|
| Teme: | |
| Oznake: |
Označite
Brez oznak, prvi označite!
|
| Thư viện lưu trữ: | Thư viện Trường Đại học Nam Cần Thơ |
|---|
| LEADER | 01446nam a22002297a 4500 | ||
|---|---|---|---|
| 001 | NCT_4_010911 | ||
| 008 | 240617b xxu||||| |||| 00| 0 vie d | ||
| 999 | |c 8496 |d 8496 | ||
| 020 | |c 79000 |a 9786044001128 | ||
| 082 | 0 | 4 | |2 23rd ed. |a 539.72 |b W629 |
| 100 | 1 | |a Whyntie, Tom | |
| 245 | 1 | 0 | |a Vật lý hạt : |b Minh họa sinh động bằng tranh |c Tom Whyntie, Oliver Pugh ; Mai Thị Kim Cúc (dịch) |
| 260 | |a H. |b Dân trí |c 2023 | ||
| 300 | |a 195 tr. |b minh họa |c 18cm | ||
| 490 | 0 | |a Dẫn nhập ngắn về khoa học | |
| 520 | 3 | |a Quyển sách khái quát về cuộc hành trình kéo dài hàng ngàn năm, kể từ thời Hy Lạp cổ của Plato, Aristotle... tới thời điểm hiện tại, để tìm đáp án cho câu hỏi "Chúng ta hình thành từ đâu?"; những thông tin ngắn gọn về các tiến bộ trong ngành khoa học vật lý hạt, về các hiện tượng như: bức xạ, năng lượng ngoài vũ trụ; lực hấp dẫn, các chiều phụ và hố đen..." | |
| 653 | |a Tham khảo | ||
| 700 | 1 | |a Pugh, Oliver | |
| 700 | 1 | |a Mai Thị Kim Cúc |e dịch | |
| 942 | |2 ddc |c BK | ||
| 952 | |0 0 |1 0 |2 ddc |4 0 |6 539_720000000000000_W629 |7 0 |9 29186 |a 000001 |b 000001 |d 2024-06-18 |o 539.72 W629 |p TK.04366 |r 2024-06-18 |v 79000.00 |w 2024-06-18 |y BK | ||
| 980 | |a Thư viện Trường Đại học Nam Cần Thơ | ||


